Practice and progress: (Record no. 63282)

000 -LEADER
fixed length control field 00513nam a22001937a 4500
003 - CONTROL NUMBER IDENTIFIER
control field NUST - PNEC
005 - DATE AND TIME OF LATEST TRANSACTION
control field 20170116180808.0
008 - FIXED-LENGTH DATA ELEMENTS--GENERAL INFORMATION
fixed length control field 150423b xxu||||| |||| 00| 0 eng d
020 ## - INTERNATIONAL STANDARD BOOK NUMBER
International Standard Book Number 0582524733
040 ## - CATALOGING SOURCE
Transcribing agency LIBRARY
082 ## - DEWEY DECIMAL CLASSIFICATION NUMBER
Classification number 428 ALE
100 ## - MAIN ENTRY--PERSONAL NAME
9 (RLIN) 3169
Personal name Alexander, L. G.
245 ## - TITLE STATEMENT
Title Practice and progress:
Statement of responsibility, etc. L.G. Alexander
250 ## - EDITION STATEMENT
Edition statement -
260 ## - PUBLICATION, DISTRIBUTION, ETC.
Place of publication, distribution, etc. Pakistan:
Name of publisher, distributor, etc. Islamabad,
Date of publication, distribution, etc. c 1967.
300 ## - PHYSICAL DESCRIPTION
Extent 232 p . :
650 ## - SUBJECT ADDED ENTRY--TOPICAL TERM
9 (RLIN) 3170
Topical term or geographic name entry element Practice and progress:
General subdivision English language.
942 ## - ADDED ENTRY ELEMENTS (KOHA)
Source of classification or shelving scheme
Koha item type Book
Holdings
Withdrawn status Lost status Source of classification or shelving scheme Damaged status Not for loan Permanent Location Current Location Shelving location Date acquired Source of acquisition Cost, normal purchase price Total Checkouts Full call number Barcode Date last seen Cost, replacement price Price effective from Koha item type
          Pakistan Navy Engineering College (PNEC) Pakistan Navy Engineering College (PNEC)   09/02/1991 National Book Fundation 55.00   428 ALE PNECLIB-015449 04/23/2015 55.00 09/02/1991 Book
© 2023 Central Library, National University of Sciences and Technology. All Rights Reserved.